Reading financial reports for dummies
| Main Author: | |
|---|---|
| Format: | Book |
| Published: |
Hoboken, NJ :
Wiley ,
c2005
|
| Subjects: |
MARC
| LEADER | 00000cam a2200000 7i4500 | ||
|---|---|---|---|
| 001 | 0000002301 | ||
| 005 | 20060724093000.0 | ||
| 008 | 021118s2005 | ||
| 020 | |a 0764577336 (pbk.) | ||
| 090 | 0 | 0 | |a HF5681.B2 |b E67 2005 |
| 100 | 0 | |a Epstein, Lita , |e author | |
| 245 | 1 | 0 | |a Reading financial reports for dummies |c by Lita Epstein |
| 260 | 2 | |a Hoboken, NJ : |b Wiley , |c c2005 | |
| 300 | |a xx, 362 p. : |b ill. ; |c 25 cm. | ||
| 504 | |a Includes index | ||
| 650 | 0 | |a Financial statements | |
| 999 | |a 1000105286 |b Book |c OPEN SHELF (30 DAYS) |e Gong Badak Campus | ||